LEADER 00500cac0 22001931 450 001 SOBE00038176 005 20131204093631.0 100 $a20131204c0000 |||||ita|0103 ba 102 $aIT 110 $ab 200 1 $a<>ape 210 $aFirenze$cLibreria editrice fiorantina 801 0$aIT$bUNISOB$c20131204$gRICA 912 $aSOBE00038176 940 $aC 121 Collana SBN 941 $aC 996 $aAPE$9846084 997 $aUNISOB 998 \\$1001SOBE00038174$12001 $a<>lettera scarlatta LEADER 01228nam0 22002891i 450 001 UON00423306 005 20231205104835.909 010 $a35-03-01206-0 100 $a20130424d1979 |0itac50 ba 101 $ager 102 $aDE 105 $a|||| ||||| 200 1 $aStudien zu Raum- und Sozialformen der deutschen Sprache in Geschichte und Gegenwart$eKleine Schriften. 1. / von Hugo Moser 210 $aBerlin$cErich Schmidt Verlag$d1979 215 $a464 p.$d22 cm. 606 $aLingua tedesca$xStudi$3UONC033728$2FI 606 $aLinguistica$xStudi$3UONC019051$2FI 620 $aDE$dBerlin$3UONL003157 676 $a438$cUso (Linguistica applicata, Linguistica prescrittiva) del tedesco standard.$v21 700 1$aMOSER$bHugo$3UONV129236$0157711 712 $aSchmidt$3UONV266260$4650 801 $aIT$bSOL$c20251003$gRICA 899 $aSIBA - SISTEMA BIBLIOTECARIO DI ATENEO$2UONSI 912 $aUON00423306 950 $aSIBA - SISTEMA BIBLIOTECARIO DI ATENEO$dSI TED 13 MOS 07 $eSI LO 14187 5 07 $sBuono 996 $aStudien zu Raum- und Sozialformen der deutschen Sprache in Geschichte und Gegenwart$91332684 997 $aUNIOR